Statistiques concernant Personnalités politiques françaises du XIXème siècle (II)

Cliquez ici pour prendre le quiz!

Statistiques générales

  • Ce quiz a été pris 36 fois
  • Le résultat moyen est 5 sur 16

Statistiques - réponses

Réponse% Correct
Jules Ferry
78%
Jean Jaurès
75%
Charles Maurras
50%
Victor Hugo
50%
Aristide Briand
41%
Pierre Joseph Proudhon
28%
Jules Guesde
22%
Henri d'Artois (Comte de Chambord)
19%
Pierre Waldeck-Rousseau
19%
Alfred Dreyfus
16%
Louis-Jules Trochu (Général Trochu)
16%
Camille Sée
13%
Jules Simon
13%
Aristide Denfert-Rochereau
9%
Désiré Barodet
6%
Emmanuel Arago
6%

Distribution des résultats

Percentile par nombre de réponses

% des personnes avec chaque résultat

Votre développement - résultats

Vous n’avez pas pris ce quiz